[Event "CZE-ch U12 Girls"]
[White "Vosahlova, Tereza"]
[Black "Pridalova, Tereza"]
[Site "Sec u Chrudimi"]
[Round "1"]
[Result "0-1"]
[Date "2008.03.08"]
[WhiteElo "1100"]
[BlackElo "1250"]
[PlyCount "60"]
[EventDate "2008.03.08"]
[EventType "swiss"]
[EventRounds "9"]
[EventCountry "CZE"]
[SourceTitle "EXT 2009"]
[Source "ChessBase"]
[SourceDate "2008.11.26"]
[SourceVersion "1"]
[SourceVersionDate "2008.11.26"]
[SourceQuality "1"]

1. e4 c5 2. Nf3 d6 3. Nc3 Nc6 4. Bc4 Nf6 5. Ng5 Ne5 6. Bb3 Bg4 7. Ne2 h6 8. d4 Bxe2 9. Kxe2 cxd4 10. f4 hxg5 11. fxe5 dxe5 12. Bxg5 Nd7 13. Qf1 f6 14. Bd2 a6 15. Qf5 Qc8 16. Qg6+ Kd8 17. Ba5+ b6 18. Bb4 a5 19. Be6 axb4 20. Bxd7 Qxd7 21. c3 Qb5+ 22. Kd2 bxc3+ 23. bxc3 Qb2+ 24. Kd3 Qxc3+ 25. Ke2 Qe3+ 26. Kd1 Ra3 27. Qg3 Rd3+ 28. Kc2 Qd2+ 29. Kb1 Rxg3 30. hxg3 Rxh1# 0-1